Online Catalogue and eLibrary

Feminist lterary theory : (Record no. 3153)

MARC details
000 -LEADER
fixed length control field 00489nam a2200193Ia 4500
005 - DATE AND TIME OF LATEST TRANSACTION
control field 20241004023633.0
008 - FIXED-LENGTH DATA ELEMENTS--GENERAL INFORMATION
fixed length control field 240331s9999 xx 000 0 und d
020 ## - INTERNATIONAL STANDARD BOOK NUMBER
ISBN 0631148051
082 ## - DDC Classification
Item Number - Author Mark FEM
Class No. 820
245 #0 - TITLE STATEMENT
Title Feminist lterary theory :
Remainder of title a reader
260 ## - PUBLICATION, DISTRIBUTION, ETC.
Place of publication, distribution, etc. Massachusetts
Name of publisher, distributor, etc. Blackwell Publishers
Date of publication, distribution, etc. 1986
300 ## - PHYSICAL DESCRIPTION
Extent (e.g. Volumes, Pages etc.) xiv, 237 p .,
650 ## - SUBJECT ADDED ENTRY--TOPICAL TERM
Topical term or geographic name entry element English Literature
650 ## - SUBJECT ADDED ENTRY--TOPICAL TERM
Topical term or geographic name entry element History
650 ## - SUBJECT ADDED ENTRY--TOPICAL TERM
Topical term or geographic name entry element Criticus
650 ## - SUBJECT ADDED ENTRY--TOPICAL TERM
Topical term or geographic name entry element Feminist
700 ## - ADDED ENTRY--PERSONAL NAME
Personal name Eagleton, M.
Relator term (Role) Editor
942 ## - Koha item type (Biblio)
Koha item type Books in Stacks (Lending)
Holdings
Lost status Damaged status Collection code Home library Current library Shelving location Date acquired Full call number Accession Number Item type
    Lending WERC Library WERC Library Social Science Cupboard 03/31/2024 820 FEM 5425 Books in Stacks (Lending)

© WERC Library